Human resource management (Record no. 311370)

MARC details
000 -LEADER
fixed length control field 00522 a2200205 4500
005 - DATE & TIME
control field 20240307143946.0
008 - FIXED-LENGTH DATA ELEMENTS--GENERAL INFORMATION
fixed length control field 240306b |||||||| |||| 00| 0 eng d
020 ## - ISBN
International Standard Book Number 9789356227095
Price Rs. 595.00
040 ## - CATALOGING SOURCE
Original cataloging agency VIVEKANANDA LIBRARY
082 ## - DDC NUMBER
Classification number 658.3
Book Number R18H(3)
100 ## - MAIN ENTRY--PERSONAL NAME
Personal name Rao, V S P
245 ## - TITLE STATEMENT
Title Human resource management
250 ## - EDITION STATEMENT
Edition statement 3rd
260 ## - PUBLICATION, DISTRIBUTION, ETC. (IMPRINT)
Name of publisher, distributor, etc Taxmann
Date of publication, distribution, etc 2023
Place of publication, distribution, etc New Delhi
300 ## - PHYSICAL DESCRIPTION
Pages v.
500 ## - GENERAL NOTE
General note Undergraduate curriculum framework
650 ## - Subject
Subject Human Resource Management
650 ## - Subject
Subject Management
942 ## - ADDED ENTRY ELEMENTS (KOHA)
Koha item type Books
Holdings
Withdrawn status Lost status Source of classification or shelving scheme Damaged status Not for loan Location (home branch) Sublocation or collection (holding branch) Date acquired Koha issues (times borrowed) Koha full call number Accession No. Koha date last seen Koha item type
    Dewey Decimal Classification     VIVEKANANDA LIBRARY VIVEKANANDA LIBRARY 29/02/2024 1 658.3 R18H(3) 409967 14/05/2026 Books
    Dewey Decimal Classification     VIVEKANANDA LIBRARY VIVEKANANDA LIBRARY 29/02/2024 2 658.3 R18H(3) 409965 07/01/2025 Books
    Dewey Decimal Classification     VIVEKANANDA LIBRARY VIVEKANANDA LIBRARY 29/02/2024   658.3 R18H(3) 409968 29/02/2024 Books
    Dewey Decimal Classification     VIVEKANANDA LIBRARY VIVEKANANDA LIBRARY 29/02/2024   658.3 R18H(3) 409966 29/02/2024 Books
© Designed and Maintained by Vivekananda Library, MDU Rohtak